000 00685nam a2200229 a 4500
005 20210219152945.0
008 991125n 000 0 u
035 _aUPN01000068815
100 _aShanahan, Richard
222 _aJOURNAL OF SCHOOL PSYCHOLOGY
245 _aConcurrent validity of the cognitive abilities scale and binet IV for nonvocal 2-and 3-year-olds
300 _a395-399
362 _a30, No. 4, 1992
505 _aMayo 1993
653 0 _aHABILIDAD COGNITIVA
653 0 _aNI\197OS DE PREESCOLAR
653 0 _aINTELIGENCIA -
_xPRUEBAS
653 0 _aVALIDEZ CONCURRENTE
700 _aBradley-Johnson, Sharon
904 _aAC
_b006626
905 _aArticulo
999 _c64711
_d64711